| 000 | 00000nam 2200000za 4500 |
| 001 | 9.689478 |
| 003 | CaOODSP |
| 005 | 20210624231919 |
| 007 | cr ||||||||||| |
| 008 | 150407s2007 onc|||||o f|0| 0 eng d |
| 020 | |a978-0-662-45441-0 |
| 040 | |aCaOODSP|beng |
| 043 | |an-cn--- |
| 086 | 1 |aM144-59/2007E-PDF |
| 110 | 1 |aCanada.|bNatural Resources Canada. |bOffice of Energy Efficiency. |
| 245 | 10|aMoisture problems |h[electronic resource] : |bwhy should I worry about moisture problems? |
| 260 | |aOttawa : |bNatural Resources Canada, |cc2007. |
| 300 | |a12 p. : |bgraph, illus. |
| 520 | 3 |aMoisture problems in Canadian housing are detrimental to our health and to the durability and resale value of our homes. This fact sheet shows you how to solve moisture problems, improve energy efficiency and reduce greenhouse gas emissions that contribute to climate change. |
| 590 | |a13-24-Supp|b2013-10-18 |
| 690 | 07|aAir quality|2gcpds |
| 690 | 07|aEnergy efficiency|2gcpds |
| 690 | 07|aHome renovations|2gcpds |
| 775 | 08|tLes problèmes d'humidité |w(CaOODSP)9.633887 |
| 776 | 0#|tMoisture problems : |w(CaOODSP)9.650614 |
| 795 | |tMoisture problems |w(CaOODSP)9.687370 |
| 856 | 40|ahttp://publications.gc.ca|qPDF|s385 KB|uhttps://publications.gc.ca/collections/collection_2013/rncan-nrcan/M144-59-2007-eng.pdf |